|
|
|
|
| LEADER |
01351nab#a2200409#ar4500 |
| 001 |
000119613 |
| 003 |
SVKKK |
| 005 |
20170509103400.0 |
| 008 |
170509c2016 xo |||||||||||||||b|eng |
| FMT |
|
|
|
| 015 |
|
|
|a SNBRB2017/05
|
| 038 |
|
|
|a SVKKK
|
| 040 |
|
|
|a SVKKK
|b slo
|e AACR2
|
| 041 |
0 |
|
|a eng
|b eng
|
| 044 |
|
|
|a xo
|c SK
|
| 080 |
|
|
|a 574.1
|2 2011
|
| 080 |
|
|
|a 502.5
|2 2011
|
| 100 |
1 |
|
|a Moyzeová, Milena
|4 aut
|
| 242 |
1 |
0 |
|a Postoje zainteresovaných subjektov k otázke ochrany biodiverzity v chránenej oblasti Malé Karpaty (výsledky osobných pohovorov)
|
| 245 |
1 |
0 |
|a Attitudes of the involved subjects to the issue of biodiversity conservation in the Protected Area of the Malé Karpaty Mts (Results of personal interviews)
|c Milena Moyzeová, Zita Izakovičová
|
| 300 |
|
|
|b Obr., tab.
|
| 504 |
|
|
|a Bibliogr. odkazy
|
| 546 |
|
|
|a Res. angl.
|
| 650 |
0 |
4 |
|a ochrana krajiny
|
| 650 |
0 |
4 |
|a biodiverzita
|
| 650 |
0 |
4 |
|a chránené oblasti
|
| 651 |
|
4 |
|a Malé Karpaty (Slovensko)
|
| 700 |
1 |
|
|a Izakovičová, Zita
|4 aut
|
| 773 |
0 |
|
|t Ekológia (Bratislava)
|g Roč. 35, č. 3 (2016), s. 392-400
|x 1335-342X
|
| 958 |
|
|
|a NB
|
| 974 |
|
|
|a Va
|
| 992 |
|
|
|a RBX
|
| BAS |
|
|
|
| 852 |
|
|
|a SVKKK
|b BIB
|
| 856 |
4 |
1 |
|a https://www.degruyter.com/view/j/eko.2016.35.issue-4/eko-2016-0031/eko-2016-0031.xml?format=INT
|
| EXP |
|
|
|
| 998 |
|
|
|a GEO
|